|
|
|
|
| LEADER |
00966naa a2200205 i 4500 |
| 001 |
acta83228 |
| 005 |
20240122122252.0 |
| 008 |
240122s2021 hu o 100 hun d |
| 040 |
|
|
|a SZTE Egyetemi Kiadványok Repozitórium
|b hun
|
| 041 |
|
|
|a hun
|
| 100 |
2 |
|
|a Vojnics-Rogics Réka
|
| 245 |
1 |
3 |
|a Az ideális fiú prototípusa a Zászlónk katolikus ifjúsági lap tükrében (1903-1910)
|h [elektronikus dokumentum] :
|b [absztrakt] /
|c Vojnics-Rogics Réka
|
| 260 |
|
|
|c 2021
|
| 300 |
|
|
|a 64
|
| 490 |
0 |
|
|a Móra Kárpát-medencei Interdiszciplináris Szakkollégiumi Konferencia
|v 4
|
| 650 |
|
4 |
|a Bölcsészettudományok
|
| 650 |
|
4 |
|a Nyelvek és irodalom
|
| 695 |
|
|
|a Ifjúsági mozgalom - katolikus - Magyarország - folyóirat - 1903-1910 - előadáskivonat
|
| 711 |
|
|
|a IV. Móra Interdiszciplináris Kárpát-medencei Szakkollégiumi Konferencia
|c Szeged
|d 2021. március 19-20.
|
| 856 |
4 |
0 |
|u http://acta.bibl.u-szeged.hu/83228/1/morakonf_2021_marc_064.pdf
|z Dokumentum-elérés
|